| 000 | 00568nam a22001577a 4500 | ||
|---|---|---|---|
| 999 |
_c527872 _d527872 |
||
| 020 | _qHard Cover. | ||
| 082 | _a660 | ||
| 100 | _aJavariya, Syeda Khalid | ||
| 245 |
_aIdentification and characterization of the Quorum Quenching Enzymes in Bacterial Strains Isolated from Sludge of Membrane Bioreactor / _cSyeda Javariya Khalid. |
||
| 260 |
_aIslamabad: _bASAB - NUST, _c2018. |
||
| 300 |
_axi, 79 p. : ill. ; _c30cm. |
||
| 942 |
_2ddc _cTHE |
||
| 650 |
_aMS Thesis. _918721 |
||
| 700 |
_aDr. Fazal Adnan. _919366 |
||